00231nam a2200097Ia 4500008004100000041000800041100001000049245004000059260001600099365001800115240703s9999 xx 000 0 und d aeng aSingh aSocial Media Marketing For Dummies  bWiley India cRS.b 599.00